000 00253nam a2200097Ia 4500
005 20251222114412.0
008 251222s1900||||xx |||||||||||||| ||spa||
082 _aDVD0093/U77
245 0 _aSi me quieres demuéstralo! 2. Como nacen los niños:
942 _cDVD
999 _c2063
_d2063